000
00207 a2200097 4500
001
7066
100
_a
Mahmood, S
245
_a
Founders of Pakistan
260
_a
_b
Publishers united
_c
090
_c
5836
_d
5836
942
_a
NUST-CAE
_c
M
_c
32307
999
_c
242139
_d
242139